Answers That Start With F - Statistics

General Stats
  • This quiz has been taken 96 times
  • The average score is 11 of 12
Answer Stats
Hint Answer % Correct
Apple, banana, blackberries, etc. Fruit
100%
You can score a touchdown in this sport Football
99%
Last season of the year; consists of September, October, and November Fall
98%
Salmon and Sea Bass are types of this Fish
97%
The only state that starts with this letter Florida
97%
Help! I've _____ and I can't get up! Fallen
93%
Small island country of Oceania (Four letters) Fiji
92%
Delaware was the _____ state First
91%
Car maker that makes Escape, Fusion, and F150 Ford
88%
Edible substances that make up three meals a day Food
82%
"For the first time in _______..." from the movie "Frozen" Forever
74%
High-class, expensive Fancy / formal
49%
No matching quizzes found
Score Distribution
Percent of People with Each Score
Percentile by Number Answered
Your Score History
You have not taken this quiz